Mon tout petit - Dumbo (Paroles) - Statistiques

Statistiques générales
  • Ce quiz a été pris 119 fois
  • Le résultat moyen est 55 sur 70
Statistiques - réponses
Paroles % Correct
Mon
100%
mon
100%
mon
100%
Mon
100%
mon
100%
mon
100%
petit
100%
petit
100%
petit
100%
petit
100%
petit
100%
petit
100%
petit
100%
tout
100%
tout
100%
tout
100%
tout
100%
Tout
100%
tout
100%
ma
95%
bébé
91%
Bébé
91%
Maman
88%
joli
87%
joli
87%
Tu
87%
Tu
87%
vie
87%
vie
87%
le
85%
si
85%
sur
84%
tes
84%
Ne
83%
cœur
81%
Viens
81%
sèche
80%
bien
79%
pleurs
79%
veille
79%
De
76%
de
76%
les
75%
les
75%
rien
75%
temps
75%
auras
73%
ta
73%
Car
72%
crains
72%
es
72%
méchants
69%
Et
68%
la
67%
sont
65%
certains
61%
C'est
55%
durant
53%
soucis
53%
toi
53%
Toi
53%
chagrins
52%
que
52%
connaître
51%
trésor
48%
j'adore
44%
seul
44%
doux
40%
raison
39%
Oui
25%
Aucun quiz correspondant
Distribution des résultats
% des personnes avec chaque résultat
Percentile par nombre de réponses
Votre historique - résultats
Vous n’avez pas pris ce quiz